00495nam a22001937a 450000500170000001000130001702000100003003500130004003700160005304000120006908200110008110000180009224500460011026000380015627000530019430000260024765000160027365000120028920170124110114.0 aB-021397 c00.00 aB-021397 bCen Lib/Ret aDPLbEN aNbRAI aRai, Mandeep  aNo friends, no enemies /cby Mandeep Rai  aNew Delhi bUBS Publishers c2000 bNew Delhi a5, ansari road, dariya ganj e110002 axxii, 458p.c21cm(Hb) aliterature  aNovels